| 000 | 00492nam a2200193 a 4500 | ||
|---|---|---|---|
| 005 | 20240228063900.0 | ||
| 008 | 070131s1992 mx r 000 0 spa d | ||
| 020 | _a9501109046 | ||
| 035 | _aUPN01000149015 | ||
| 049 | _aI | ||
| 050 | 4 |
_aPZ71 _bC6.46 |
|
| 245 | 0 | 0 | _aColores. |
| 260 |
_aBuenos Aires : _bSigmar, _c1992. |
||
| 300 |
_a[17] p. : _bil. col. |
||
| 440 | 0 | _aPrimeras imágenes | |
| 650 | 4 |
_aLibros y lectura para niños _92290 |
|
| 650 | 4 |
_aCOLORES _96786 |
|
| 905 | _aInfantil | ||
| 999 |
_c121156 _d121156 |
||